[Event "Hastings Masters"]
[Site "Hastings, England"]
[Date "2015.01.01"
[Round "4.21"]
[White "Liang, Jake Z"]
[WhiteElo "1953"]
[Black "Webb, Laurence E"]
[BlackElo "2272"]
[Result "1-0"]

1. d4 {[%clk 1:40:57]} Nf6 {[%clk 1:39:37]} 2. c4 {[%clk 1:40:43]} c5
{[%clk 1:39:40]} 3. d5 {[%clk 1:40:21]} b5 {[%clk 1:40:03]} 4. cxb5
{[%clk 1:40:08]} a6 {[%clk 1:40:28]} 5. bxa6 {[%clk 1:40:22]} g6 {[%clk 1:40:27]}
6. Nc3 {[%clk 1:40:14]} Bxa6 {[%clk 1:40:52]} 7. g3 {[%clk 1:40:29]} d6
{[%clk 1:41:16]} 8. e4 {[%clk 1:40:18]} Bxf1 {[%clk 1:38:59]} 9. Kxf1
{[%clk 1:40:39]} Bg7 {[%clk 1:39:24]} 10. Nf3 {[%clk 1:38:47]} O-O
{[%clk 1:38:54]} 11. Kg2 {[%clk 1:38:54]} Nbd7 {[%clk 1:38:51]} 12. Qc2
{[%clk 1:39:13]} Qa5 {[%clk 1:30:17]} 13. a4 {[%clk 1:26:57]} Rfb8
{[%clk 1:28:33]} 14. Nd2 {[%clk 1:17:34]} Qa6 {[%clk 1:19:46]} 15. Ra3
{[%clk 1:15:09]} Nb6 {[%clk 1:15:47]} 16. Nb5 {[%clk 1:09:05]} Qb7
{[%clk 1:15:10]} 17. b3 {[%clk 1:06:48]} Ng4 {[%clk 1:12:23]} 18. Nc4
{[%clk 1:02:21]} Ne5 {[%clk 1:06:20]} 19. Bd2 {[%clk 0:57:17]} Qd7
{[%clk 1:01:12]} 20. f4 {[%clk 0:46:07]} Nexc4 {[%clk 0:50:17]} 21. bxc4
{[%clk 0:46:28]} Nxc4 {[%clk 0:49:41]} 22. Qxc4 {[%clk 0:45:33]} Rxb5
{[%clk 0:49:56]} 23. Qxb5 {[%clk 0:43:11]} Qxb5 {[%clk 0:50:13]} 24. axb5
{[%clk 0:43:32]} Rxa3 {[%clk 0:50:41]} 25. Rb1 {[%clk 0:43:28]} Ra7
{[%clk 0:50:00]} 26. Kf3 {[%clk 0:39:58]} Bd4 {[%clk 0:44:09]} 27. Ke2
{[%clk 0:38:24]} c4 {[%clk 0:41:12]} 28. b6 {[%clk 0:36:08]} Rb7 {[%clk 0:39:53]}
29. Be3 {[%clk 0:35:52]} Bf6 {[%clk 0:25:31]} 30. Rb4 {[%clk 0:34:01]} Kf8
{[%clk 0:21:57]} 31. Rxc4 {[%clk 0:32:55]} Ke8 {[%clk 0:22:21]} 32. Rc8+
{[%clk 0:32:00]} Kd7 {[%clk 0:22:44]} 33. Rf8 {[%clk 0:31:55]} h5
{[%clk 0:22:41]} 34. Kd3 {[%clk 0:31:26]} e6 {[%clk 0:18:57]} 35. Rxf7+
{[%clk 0:30:25]} Be7 {[%clk 0:19:22]} 36. Kc4 {[%clk 0:30:04]} Rb8
{[%clk 0:18:17]} 37. Rh7 {[%clk 0:27:48]} Rc8+ {[%clk 0:18:15]} 38. Kb5
{[%clk 0:27:01]} exd5 {[%clk 0:14:34]} 39. exd5 {[%clk 0:25:19]} Rc2
{[%clk 0:13:39]} 40. Bd4 {[%clk 0:24:58]} 1-0

[Event "Hastings Masters"]
[Site "Hastings, England"]
[Date "2015.01.01"
[Round "4.22"]
[White "Prosviriakov, Vladimir"]
[WhiteElo "2271"]
[Black "Sugden, John N"]
[BlackElo "2105"]
[Result "1-0"]

1. e4 {[%clk 1:40:32]} c5 {[%clk 1:40:32]} 2. Nf3 {[%clk 1:40:40]} e6
{[%clk 1:40:44]} 3. g3 {[%clk 1:40:34]} Nc6 {[%clk 1:34:42]} 4. Bg2
{[%clk 1:40:28]} g6 {[%clk 1:32:26]} 5. d4 {[%clk 1:34:47]} cxd4 {[%clk 1:32:41]}
6. Nxd4 {[%clk 1:35:06]} a6 {[%clk 1:32:21]} 7. O-O {[%clk 1:32:11]} Bg7
{[%clk 1:29:15]} 8. Nxc6 {[%clk 1:30:35]} dxc6 {[%clk 1:28:23]} 9. Qxd8+
{[%clk 1:28:12]} Kxd8 {[%clk 1:28:44]} 10. Nd2 {[%clk 1:28:24]} e5
{[%clk 1:15:30]} 11. Nc4 {[%clk 1:23:19]} Be6 {[%clk 1:12:08]} 12. Nb6
{[%clk 1:21:54]} Rb8 {[%clk 1:12:02]} 13. Bd2 {[%clk 1:22:00]} Nf6
{[%clk 1:01:17]} 14. Rfd1 {[%clk 1:12:44]} Ke8 {[%clk 0:59:44]} 15. Bb4
{[%clk 1:10:00]} Rd8 {[%clk 0:26:31]} 16. Bd6 {[%clk 1:09:05]} Nh5
{[%clk 0:24:50]} 17. Bf1 {[%clk 0:57:16]} f6 {[%clk 0:22:26]} 18. Bc7
{[%clk 0:51:44]} Rxd1 {[%clk 0:22:13]} 19. Rxd1 {[%clk 0:52:08]} Kf7
{[%clk 0:20:41]} 20. Nc4 {[%clk 0:50:15]} Bf8 {[%clk 0:07:53]} 21. Rd8
{[%clk 0:48:34]} Rg8 {[%clk 0:08:00]} 22. Bb6 {[%clk 0:48:16]} Be7
{[%clk 0:05:55]} 23. Nd6+ {[%clk 0:47:30]} Bxd6 {[%clk 0:05:57]} 24. Rxd6
{[%clk 0:47:53]} Ng7 {[%clk 0:03:57]} 25. a4 {[%clk 0:47:23]} Re8
{[%clk 4:05:04]} 26. Bc5 {[%clk 0:45:42]} Rc8 {[%clk 0:04:02]} 27. f3
{[%clk 0:45:35]} Ne8 {[%clk 0:04:19]} 28. Rd1 {[%clk 0:45:34]} g5
{[%clk 0:04:19]} 29. Kf2 {[%clk 0:45:38]} Kg6 {[%clk 0:03:59]} 30. Ke3
{[%clk 0:43:21]} Kf7 {[%clk 0:04:22]} 31. Be2 {[%clk 0:43:11]} Nc7
{[%clk 0:04:03]} 32. f4 {[%clk 0:42:56]} gxf4+ {[%clk 0:04:29]} 33. gxf4
{[%clk 0:43:19]} exf4+ {[%clk 0:04:54]} 34. Kxf4 {[%clk 0:43:41]} Kg7
{[%clk 0:01:51]} 35. Rg1+ {[%clk 0:42:20]} Kh8 {[%clk 0:02:19]} 36. Be7
{[%clk 0:41:22]} Ne8 {[%clk 0:02:30]} 37. e5 {[%clk 0:34:52]} fxe5+
{[%clk 0:02:06]} 38. Kxe5 {[%clk 0:35:15]} Bf7 {[%clk 0:01:58]} 39. Bb4
{[%clk 0:34:44]} Bg6 {[%clk 0:01:43]} 40. Bc3 {[%clk 0:33:03]} Rd8
{[%clk 0:01:21]} 41. Bc4 {[%clk 0:31:46]} Ng7 {[%clk 0:42:05]} 42. a5
{[%clk 1:15:29]} Bxc2 {[%clk 0:36:25]} 43. Kf4 {[%clk 1:12:48]} Bg6
{[%clk 0:29:38]} 44. Kg5 {[%clk 1:11:17]} Be4 {[%clk 0:21:16]} 45. Re1
{[%clk 1:02:51]} Bd5 {[%clk 0:15:43]} 46. Re7 {[%clk 1:02:26]} Bxc4
{[%clk 0:14:52]} 47. Rxg7 {[%clk 1:02:43]} Rd3 {[%clk 0:10:15]} 48. Bf6
{[%clk 1:02:30]} h6+ {[%clk 0:02:30]} 49. Kg6 {[%clk 1:02:36]} 1-0

[Event "Hastings Masters"]
[Site "Hastings, England"]
[Date "2015.01.01"
[Round "4.23"]
[White "Armstrong, Malcolm J"]
[WhiteElo "2086"]
[Black "Bates, Richard A"]
[BlackElo "2349"]
[Result "1/2-1/2"]

1. d4 {[%clk 1:40:54]} Nf6 {[%clk 1:40:48]} 2. Nf3 {[%clk 1:41:17]} g6
{[%clk 1:41:04]} 3. c4 {[%clk 1:41:16]} Bg7 {[%clk 1:41:14]} 4. Nc3
{[%clk 1:41:34]} O-O {[%clk 1:41:08]} 5. e4 d6 {[%clk 1:36:24]} 6. Be2
{[%clk 1:41:22]} Nbd7 {[%clk 1:35:41]} 7. O-O {[%clk 1:40:26]} e5
{[%clk 1:35:45]} 8. Re1 {[%clk 1:37:02]} c6 9. Be3 {[%clk 1:27:51]} exd4
{[%clk 1:11:37]} 10. Nxd4 {[%clk 1:27:01]} Re8 {[%clk 1:11:58]} 11. Qc2
{[%clk 1:14:37]} Qe7 {[%clk 1:05:04]} 12. f3 {[%clk 1:11:08]} d5 {[%clk 1:02:31]}
13. cxd5 {[%clk 1:10:56]} Nxd5 {[%clk 0:47:32]} 14. Nxd5 {[%clk 1:07:16]} cxd5
{[%clk 0:47:55]} 15. Nb5 {[%clk 1:05:23]} dxe4 {[%clk 0:38:11]} 16. Nc7
{[%clk 1:02:25]} exf3 {[%clk 0:35:40]} 17. Bxf3 {[%clk 1:02:36]} Ne5
{[%clk 0:35:48]} 18. Nxa8 Nxf3+ {[%clk 0:26:01]} 19. gxf3 {[%clk 0:55:54]} Bf5
{[%clk 0:26:29]} 20. Qc5 {[%clk 0:44:33]} Qxc5 {[%clk 0:25:49]} 21. Bxc5
{[%clk 0:45:00]} Rxa8 22. Re2 {[%clk 0:40:26]} b6 {[%clk 0:23:19]} 23. Bf2
{[%clk 0:36:22]} Be6 {[%clk 0:18:11]} 24. Rae1 {[%clk 0:27:53]} Rd8
{[%clk 0:17:57]} 25. b3 {[%clk 0:26:56]} h5 {[%clk 0:16:38]} 26. Be3
{[%clk 0:24:14]} Rd5 {[%clk 0:14:46]} 27. Rd2 1/2-1/2

[Event "Hastings Masters"]
[Site "Hastings, England"]
[Date "2015.01.01"
[Round "4.24"]
[White "Wadsworth, Matthew J"]
[WhiteElo "2064"]
[Black "Wallner, Joachim"]
[BlackElo "2340"]
[Result "0-1"]

1. c4 {[%clk 1:40:58]} Nf6 {[%clk 1:40:20]} 2. g3 {[%clk 1:41:22]} e5
{[%clk 1:40:46]} 3. Bg2 {[%clk 1:41:44]} d5 {[%clk 1:40:28]} 4. cxd5
{[%clk 1:42:05]} Nxd5 {[%clk 1:40:54]} 5. Nc3 {[%clk 1:42:24]} Nb6
{[%clk 1:41:22]} 6. Nf3 {[%clk 1:42:37]} Nc6 {[%clk 1:41:49]} 7. O-O
{[%clk 1:42:50]} Be7 {[%clk 1:42:17]} 8. a3 {[%clk 1:43:02]} O-O {[%clk 1:41:00]}
9. b4 {[%clk 1:43:21]} Be6 {[%clk 1:41:25]} 10. d3 {[%clk 1:43:42]} f6
{[%clk 1:41:50]} 11. Ne4 {[%clk 1:43:57]} a5 {[%clk 1:40:08]} 12. Nc5
{[%clk 1:43:21]} Bxc5 {[%clk 1:39:43]} 13. bxc5 {[%clk 1:43:49]} Nd5
{[%clk 1:39:48]} 14. Qa4 {[%clk 1:43:32]} Qe7 {[%clk 1:26:15]} 15. Qc2
{[%clk 1:43:44]} Qd7 {[%clk 1:24:26]} 16. Rb1 {[%clk 1:43:50]} Ra7
{[%clk 1:19:32]} 17. Bb2 {[%clk 1:35:33]} Nde7 {[%clk 1:09:54]} 18. d4
{[%clk 1:24:13]} e4 {[%clk 1:04:26]} 19. Qxe4 {[%clk 1:24:13]} Bf5
{[%clk 1:04:51]} 20. Qe3 {[%clk 1:24:24]} Bxb1 {[%clk 1:05:00]} 21. Rxb1
{[%clk 1:24:52]} b5 {[%clk 0:57:27]} 22. Qb3+ {[%clk 1:12:45]} Kh8
{[%clk 0:57:27]} 23. e4 {[%clk 1:12:45]} a4 {[%clk 0:57:27]} 24. Qc3
{[%clk 1:12:45]} Rb8 {[%clk 0:57:27]} 25. d5 {[%clk 1:12:45]} b4 {[%clk 0:57:27]}
26. Qc2 {[%clk 1:12:45]} Nd8 {[%clk 0:57:27]} 27. c6 {[%clk 1:12:45]} Ndxc6
{[%clk 0:57:27]} 28. dxc6 {[%clk 1:12:45]} Qxc6 {[%clk 0:57:27]} 29. Qd3
{[%clk 1:12:45]} Qb5 {[%clk 0:57:27]} 30. Qxb5 {[%clk 1:12:45]} Rxb5
{[%clk 0:57:27]} 31. Bf1 {[%clk 1:12:45]} Rbb7 {[%clk 0:57:27]} 32. Bd4
{[%clk 1:12:45]} bxa3 {[%clk 0:57:27]} 33. Ra1 {[%clk 1:12:45]} Ra5
{[%clk 0:57:27]} 34. Rxa3 {[%clk 1:12:45]} Rb3 {[%clk 0:57:27]} 35. Rxb3
{[%clk 1:12:45]} axb3 {[%clk 0:57:27]} 36. Bc4 {[%clk 1:12:45]} c5
{[%clk 0:57:27]} 37. Bc3 {[%clk 1:12:45]} Ra2 {[%clk 0:57:27]} 38. Ne1
{[%clk 1:12:45]} Ra4 {[%clk 0:57:27]} 39. Be6 {[%clk 1:12:45]} c4
{[%clk 0:57:27]} 40. Kf1 {[%clk 1:12:45]} Nc6 {[%clk 0:57:27]} 41. Bd7
{[%clk 1:12:45]} Ra6 {[%clk 0:57:27]} 42. f4 {[%clk 1:12:45]} Rb6
{[%clk 0:57:27]} 43. e5 fxe5 {[%clk 0:24:30]} 44. fxe5 {[%clk 0:00:46]} Ne7
{[%clk 1:10:39]} 45. Bb2 {[%clk 0:39:14]} Ra6 {[%clk 1:06:34]} 46. Bd4
{[%clk 0:39:14]} Ra2 47. Be6 {[%clk 0:38:45]} b2 {[%clk 1:06:45]} 48. Bxb2
{[%clk 0:39:01]} Rxb2 {[%clk 1:07:12]} 49. Bxc4 {[%clk 0:39:20]} Rxh2
{[%clk 1:07:49]} 50. Nf3 {[%clk 0:38:15]} Rc2 {[%clk 1:08:05]} 51. Bd3
{[%clk 0:37:53]} Rb2 52. Be4 {[%clk 0:37:30]} g6 {[%clk 1:08:07]} 53. Kg1 Kg7
{[%clk 1:07:31]} 54. Kf1 {[%clk 0:30:36]} h6 {[%clk 1:07:53]} 55. Kg1
{[%clk 0:26:59]} Kf7 56. Bd3 Ke6 {[%clk 1:05:44]} 57. g4 {[%clk 0:21:39]} Rb4
{[%clk 1:05:51]} 58. g5 hxg5 {[%clk 1:06:11]} 59. Nxg5+ {[%clk 0:21:05]} Kxe5
{[%clk 1:06:27]} 60. Kf2 {[%clk 0:20:58]} Kf4 61. Ne6+ {[%clk 0:19:59]} Kg4
{[%clk 1:05:55]} 62. Nc7 {[%clk 0:17:17]} g5 {[%clk 1:05:23]} 63. Be2+
{[%clk 0:16:50]} Kh4 {[%clk 1:05:42]} 64. Na6 {[%clk 0:15:47]} Rb2
{[%clk 1:05:37]} 65. Nc5 {[%clk 0:15:27]} Nf5 {[%clk 1:05:02]} 66. Nd3
{[%clk 0:15:33]} Ra2 {[%clk 1:04:47]} 67. Ke1 {[%clk 0:14:20]} Nd4
{[%clk 1:04:25]} 68. Bd1 {[%clk 0:14:16]} g4 {[%clk 1:04:33]} 69. Nf4
{[%clk 0:13:11]} g3 {[%clk 1:01:47]} 0-1

[Event "Hastings Masters"]
[Site "Hastings, England"]
[Date "2015.01.01"
[Round "4.25"]
[White "Longson, Alexander"]
[WhiteElo "2339"]
[Black "Niccoli, Tony"]
[BlackElo "1996"]
[Result "1/2-1/2"]

1. e4 {[%clk 1:40:56]} e6 {[%clk 1:40:56]} 2. d4 {[%clk 1:40:46]} d5
{[%clk 1:41:19]} 3. Nc3 {[%clk 1:39:54]} dxe4 {[%clk 1:41:21]} 4. Nxe4
{[%clk 1:40:18]} Nd7 {[%clk 1:40:30]} 5. Nf3 {[%clk 1:38:21]} Ngf6
{[%clk 1:38:32]} 6. Nxf6+ {[%clk 1:37:29]} Nxf6 {[%clk 1:36:54]} 7. c3
{[%clk 1:37:54]} c5 {[%clk 1:35:15]} 8. Ne5 {[%clk 1:37:30]} a6 {[%clk 1:33:28]}
9. Qa4+ {[%clk 1:30:29]} Bd7 {[%clk 1:32:42]} 10. Nxd7 {[%clk 1:29:11]} Qxd7
{[%clk 1:32:51]} 11. Qxd7+ {[%clk 1:28:23]} Kxd7 {[%clk 1:33:15]} 12. dxc5
{[%clk 1:17:59]} Bxc5 {[%clk 1:33:42]} 13. Be2 {[%clk 1:18:12]} Rad8
{[%clk 1:30:19]} 14. O-O {[%clk 1:06:40]} Kc8 {[%clk 1:28:34]} 15. Bg5
{[%clk 0:56:49]} h6 {[%clk 1:23:41]} 16. Bxf6 {[%clk 0:55:57]} gxf6
{[%clk 1:24:10]} 17. Rad1 {[%clk 0:56:16]} Rxd1 {[%clk 1:23:04]} 18. Rxd1
{[%clk 0:56:38]} Rd8 {[%clk 1:23:09]} 19. Bd3 {[%clk 0:56:51]} f5
{[%clk 1:21:43]} 20. Kf1 {[%clk 0:56:34]} Kc7 {[%clk 1:21:23]} 21. Ke2
{[%clk 0:56:20]} Be7 {[%clk 1:18:56]} 22. f4 {[%clk 0:42:33]} h5 {[%clk 1:10:35]}
23. Bc2 {[%clk 0:37:31]} 1/2-1/2

[Event "Hastings Masters"]
[Site "Hastings, England"]
[Date "2015.01.01"
[Round "4.26"]
[White "Maisuradze, Nino"]
[WhiteElo "2323"]
[Black "Akshay V Halagannavar"]
[BlackElo "1881"]
[Result "1-0"]

1. c4 {[%clk 1:39:44]} Nf6 {[%clk 1:40:58]} 2. Nc3 {[%clk 1:37:27]} g6
{[%clk 1:41:27]} 3. e4 {[%clk 1:34:40]} d6 {[%clk 1:41:29]} 4. f4
{[%clk 1:33:33]} c5 {[%clk 1:40:53]} 5. Nf3 {[%clk 1:33:38]} Bg7 {[%clk 1:41:11]}
6. Be2 {[%clk 1:30:38]} O-O {[%clk 1:41:22]} 7. O-O {[%clk 1:29:55]} Nc6
{[%clk 1:41:51]} 8. d3 {[%clk 1:30:15]} Ne8 {[%clk 1:40:07]} 9. Be3
{[%clk 1:19:56]} Nd4 {[%clk 1:39:39]} 10. Bf2 {[%clk 1:18:57]} e5
{[%clk 1:38:45]} 11. Nxd4 {[%clk 1:18:25]} cxd4 {[%clk 1:37:30]} 12. Nd5
{[%clk 1:15:17]} Nc7 {[%clk 1:37:23]} 13. Nxc7 {[%clk 1:02:50]} Qxc7
{[%clk 1:37:15]} 14. Bg3 {[%clk 1:03:00]} exf4 {[%clk 1:30:06]} 15. Bxf4
{[%clk 1:03:01]} Be6 {[%clk 1:29:03]} 16. Qd2 {[%clk 1:01:50]} Rfe8
{[%clk 1:26:46]} 17. Rac1 {[%clk 1:01:53]} Qd7 {[%clk 1:23:06]} 18. Qb4
{[%clk 0:51:38]} d5 {[%clk 1:22:15]} 19. cxd5 {[%clk 0:49:39]} Bxd5
{[%clk 1:22:30]} 20. Rc7 {[%clk 0:47:45]} Qe6 {[%clk 1:22:59]} 21. exd5
{[%clk 0:38:15]} Qxe2 {[%clk 1:23:25]} 22. d6 {[%clk 0:37:03]} a5
{[%clk 1:07:12]} 23. Qc4 {[%clk 0:35:41]} Qe6 {[%clk 1:02:35]} 24. d7
{[%clk 0:35:45]} Red8 {[%clk 0:56:20]} 25. Qxe6 {[%clk 0:35:21]} fxe6
{[%clk 0:56:48]} 26. Bg5 {[%clk 0:35:40]} Rdb8 {[%clk 0:55:17]} 27. Rfc1
{[%clk 0:35:58]} 1-0

[Event "Hastings Masters"]
[Site "Hastings, England"]
[Date "2015.01.01"
[Round "4.27"]
[White "ter Steeg, Marcus, Dr."]
[WhiteElo "2000"]
[Black "Kiefer, Daniel"]
[BlackElo "2255"]
[Result "1/2-1/2"]

1. d4 {[%clk 1:40:51]} Nf6 {[%clk 1:40:54]} 2. c4 {[%clk 1:41:16]} c5
{[%clk 1:41:20]} 3. d5 {[%clk 1:41:42]} e6 {[%clk 1:41:43]} 4. Nc3
{[%clk 1:42:05]} exd5 {[%clk 1:42:07]} 5. cxd5 {[%clk 1:42:29]} d6
{[%clk 1:42:32]} 6. e4 {[%clk 1:42:38]} g6 {[%clk 1:42:54]} 7. Bd3
{[%clk 1:42:52]} Bg7 {[%clk 1:43:17]} 8. h3 {[%clk 1:36:50]} O-O {[%clk 1:43:26]}
9. Nf3 {[%clk 1:36:30]} a6 {[%clk 1:39:29]} 10. a4 {[%clk 1:36:10]} Nbd7
{[%clk 1:39:38]} 11. O-O {[%clk 1:35:35]} Rb8 {[%clk 1:35:13]} 12. Re1
{[%clk 1:30:57]} Qe7 {[%clk 1:22:18]} 13. Bf4 {[%clk 1:18:55]} Ne8
{[%clk 1:07:24]} 14. Bg5 {[%clk 1:13:24]} f6 {[%clk 1:01:02]} 15. Bh4
{[%clk 1:08:30]} Ne5 {[%clk 0:52:28]} 16. Bf1 {[%clk 1:03:54]} Qd7
{[%clk 0:48:45]} 17. Nd2 {[%clk 0:42:57]} Bh6 {[%clk 0:41:37]} 18. Bg3
{[%clk 0:38:13]} Bg7 {[%clk 0:32:10]} 19. Qb3 {[%clk 0:35:03]} b6
{[%clk 0:31:35]} 20. f4 {[%clk 0:34:05]} Nf7 {[%clk 0:31:52]} 21. Kh1
{[%clk 0:23:25]} Kh8 {[%clk 0:30:53]} 22. Nc4 {[%clk 0:20:48]} Qc7
{[%clk 0:25:48]} 23. a5 {[%clk 0:18:07]} bxa5 {[%clk 0:22:49]} 24. Qa3
{[%clk 0:17:38]} g5 {[%clk 0:19:42]} 25. Qxa5 {[%clk 0:12:18]} Qxa5
{[%clk 0:18:06]} 26. Rxa5 {[%clk 0:12:46]} gxf4 {[%clk 0:18:22]} 27. Bxf4
{[%clk 0:13:09]} Bh6 {[%clk 0:14:05]} 28. Bxh6 {[%clk 0:13:12]} Nxh6
{[%clk 0:14:33]} 29. Na4 {[%clk 0:12:50]} Rb4 {[%clk 0:13:22]} 30. Nab6
{[%clk 0:12:59]} Bb7 {[%clk 0:13:28]} 31. Ra4 {[%clk 0:06:30]} Rb3
{[%clk 0:10:17]} 32. Re3 {[%clk 0:06:17]} Rxe3 {[%clk 0:10:00]} 33. Nxe3
{[%clk 0:06:46]} Nc7 {[%clk 0:10:18]} 34. Nec4 {[%clk 0:06:00]} Nb5
{[%clk 0:09:23]} 35. Na3 {[%clk 0:03:50]} Nc7 {[%clk 0:09:24]} 36. Nac4
{[%clk 0:03:54]} Nb5 {[%clk 0:04:47]} 37. Ne3 {[%clk 0:02:50]} Nc7
{[%clk 0:03:35]} 38. b4 {[%clk 0:02:45]} cxb4 {[%clk 0:02:03]} 39. Rxb4
{[%clk 0:03:03]} Rf7 {[%clk 0:01:32]} 40. Nbc4 {[%clk 0:01:06]} Ne8
{[%clk 0:00:32]} 41. Na5 {[%clk 0:24:36]} Bc8 {[%clk 0:50:20]} 42. Rb8
{[%clk 0:16:45]} Bd7 {[%clk 0:42:39]} 43. Nec4 {[%clk 0:15:36]} Kg7
{[%clk 0:41:39]} 44. Nb6 {[%clk 0:13:36]} Nc7 {[%clk 0:39:50]} 45. Nxd7
{[%clk 0:08:15]} Rxd7 {[%clk 0:40:14]} 46. Rb7 {[%clk 0:08:22]} Rf7
{[%clk 0:24:29]} 47. Rb6 {[%clk 0:08:28]} f5 {[%clk 0:21:49]} 48. Bd3
{[%clk 0:06:48]} fxe4 {[%clk 0:18:52]} 49. Bxe4 {[%clk 0:07:08]} Re7
{[%clk 0:16:22]} 50. Rxd6 {[%clk 0:05:42]} Ne8 {[%clk 0:10:55]} 51. Re6
{[%clk 0:05:51]} Rxe6 {[%clk 0:11:09]} 52. dxe6 {[%clk 0:06:19]} Nc7
{[%clk 0:11:06]} 53. e7 {[%clk 0:05:10]} Ng8 {[%clk 0:11:04]} 54. Nc6
{[%clk 0:05:21]} Nf6 {[%clk 0:08:15]} 55. Bd3 {[%clk 0:04:14]} Kf7
{[%clk 0:06:47]} 56. Bc4+ {[%clk 0:04:10]} Ke8 {[%clk 0:07:00]} 57. g4
{[%clk 0:03:30]} h6 {[%clk 0:06:28]} 58. Kg2 {[%clk 0:03:39]} Nfd5
{[%clk 0:05:31]} 59. Kg3 Nxe7 {[%clk 0:05:26]} 60. Nxe7 {[%clk 0:01:05]} Kxe7
{[%clk 0:05:49]} 61. Kh4 {[%clk 0:00:47]} 1/2-1/2

[Event "Hastings Masters"]
[Site "Hastings, England"]
[Date "2015.01.01"
[Round "4.28"]
[White "Brustkern, Juergen"]
[WhiteElo "2236"]
[Black "Slade, Theodore"]
[BlackElo "1869"]
[Result "1/2-1/2"]

1. c4 {[%clk 1:40:55]} c5 {[%clk 1:40:52]} 2. Nc3 {[%clk 1:41:17]} Nc6
{[%clk 1:41:17]} 3. e3 {[%clk 1:41:41]} Nf6 {[%clk 1:35:09]} 4. d4
{[%clk 1:42:04]} cxd4 {[%clk 1:34:09]} 5. exd4 {[%clk 1:42:26]} d5
{[%clk 1:34:31]} 6. Bg5 {[%clk 1:39:33]} Be6 {[%clk 1:24:20]} 7. c5
{[%clk 1:39:47]} g6 {[%clk 1:13:14]} 8. Bxf6 {[%clk 1:31:19]} exf6
{[%clk 1:13:42]} 9. Bb5 {[%clk 1:31:07]} Bg7 {[%clk 1:09:49]} 10. Nge2
{[%clk 1:28:19]} a6 {[%clk 1:04:18]} 11. Ba4 {[%clk 1:28:08]} O-O
{[%clk 1:03:06]} 12. O-O {[%clk 1:26:21]} f5 {[%clk 0:57:32]} 13. Qd3 Qf6
{[%clk 0:54:53]} 14. Rfd1 {[%clk 1:22:11]} g5 {[%clk 0:47:40]} 15. a3
{[%clk 1:20:17]} f4 {[%clk 0:46:24]} 16. b4 {[%clk 1:12:01]} Rad8
{[%clk 0:40:55]} 17. Bc2 {[%clk 1:09:22]} Qg6 {[%clk 0:37:50]} 18. Qxg6
{[%clk 1:07:40]} fxg6 {[%clk 0:37:51]} 19. f3 {[%clk 1:07:36]} g4
{[%clk 0:36:58]} 20. Bb3 {[%clk 1:07:50]} gxf3 {[%clk 0:35:01]} 21. gxf3
{[%clk 1:08:06]} g5 {[%clk 0:27:55]} 22. h3 {[%clk 1:03:29]} Ne7 {[%clk 0:25:03]}
23. Ne4 {[%clk 0:38:02]} dxe4 {[%clk 0:21:55]} 24. Bxe6+ {[%clk 0:37:23]} Kh8
{[%clk 0:22:24]} 25. Bg4 {[%clk 0:37:40]} exf3 {[%clk 0:21:33]} 26. Bxf3
{[%clk 0:37:55]} Nf5 {[%clk 0:14:06]} 27. Rac1 {[%clk 0:32:38]} Nxd4 28. Nxd4
{[%clk 0:31:02]} Bxd4+ {[%clk 0:08:16]} 29. Rxd4 {[%clk 0:29:06]} Rxd4
{[%clk 0:08:45]} 30. Bxb7 {[%clk 0:29:25]} Rfd8 {[%clk 0:06:03]} 31. Bf3
{[%clk 0:21:25]} Rd3 {[%clk 0:04:14]} 32. Bg4 {[%clk 0:18:40]} 1/2-1/2

[Event "Hastings Masters"]
[Site "Hastings, England"]
[Date "2015.01.01"
[Round "4.29"]
[White "Willson, Ollie"]
[WhiteElo "1874"]
[Black "Britton, Richard L"]
[BlackElo "2230"]
[Result "0-1"]

1. d4 Nf6 2. c4 e6 3. Nf3 b6 4. g3 Bb7 5. Bg2 Bb4+ 6. Bd2 Be7 7. Nc3 O-O 8. O-O
d5 9. Ne5 Na6 10. cxd5 exd5 11. a3 c5 12. e3 Nc7 13. Re1 Ne6 14. Ne2 Ne4 15.
Bc3 Qc7 16. Nd3 Bd6 17. Ndf4 Nxf4 18. Nxf4 Bxf4 19. gxf4 Rad8 20. Qh5 f5 21.
Bxe4 fxe4 22. dxc5 bxc5 23. Be5 Qd7 24. Kh1 Rf5 25. Qg4 g6 26. b4 Qe6 27. Qg3
c4 28. a4 Rh5 29. Reb1 d4 30. exd4 e3+ 31. Kg1 Rh3 32. Qg5 exf2+ 33. Kxf2 Rxh2+
34. Ke1 Rxd4 35. Qf6 Re4+ 36. Kd1 Qd5+ 0-1

[Event "Hastings Masters"]
[Site "Hastings, England"]
[Date "2015.01.01"
[Round "4.30"]
[White "Snape, Ian L"]
[WhiteElo "2162"]
[Black "Taylor, Adam C"]
[BlackElo "2056"]
[Result "0-1"]

1. d4 Nf6 2. c4 c5 3. d5 b5 4. Qc2 bxc4 5. e4 d6 6. Bxc4 g6 7. Nf3 Bg7 8. O-O
O-O 9. Nc3 Ba6 10. Nb5 Bxb5 11. Bxb5 Qb6 12. Bd3 Na6 13. a3 Nc7 14. Bd2 a5 15.
Bc3 Rfb8 16. Rad1 Ra7 17. Nd2 Nb5 18. Nc4 Qc7 19. h3 Nd7 20. a4 Nd4 21. Qd2 Nb3
22. Qg5 Nb6 23. Nxb6 Rxb6 24. Bc4 Nd4 25. Kh1 Qd7 26. Bxd4 Bxd4 27. b3 Rab7 28.
f4 Rxb3 29. Bxb3 Rxb3 30. e5 Rxh3+ 0-1

[Event "Hastings Masters"]
[Site "Hastings, England"]
[Date "2015.01.01"
[Round "4.31"]
[White "Brewer, Callum D"]
[WhiteElo "1793"]
[Black "Rayner, Francis"]
[BlackElo "2148"]
[Result "0-1"]

1. e4 c5 2. c3 d6 3. d4 Nf6 4. Bd3 g6 5. dxc5 dxc5 6. e5 Nd5 7. Be4 e6 8. Nf3
Bg7 9. O-O Nc6 10. c4 Nde7 11. Qxd8+ Kxd8 12. Bf4 h6 13. h4 Kc7 14. Nc3 a6 15.
Rfd1 Nf5 16. Bxc6 Kxc6 17. g4 Nxh4 18. Nxh4 g5 19. Be3 gxh4 20. f4 Bd7 21. Ne4
b6 22. b4 Bf8 23. bxc5 Bxc5 24. Bxc5 bxc5 25. Nf6 Rhd8 26. Rab1 Be8 27. Nxe8
Rxd1+ 28. Rxd1 Rxe8 29. Rd6+ Kc7 30. Kg2 a5 31. Kh3 Rb8 32. Ra6 Rb4 33. Rxa5
Kb6 34. Ra3 Rxc4 35. Rf3 Rc2 36. a3 c4 37. Kxh4 Kc5 38. g5 hxg5+ 39. Kxg5 Rb2
40. f5 Rb3 41. Rf1 Kd4 42. Rf4+ Kd5 43. fxe6 fxe6 44. Rf1 Kxe5 45. Re1+ Kd5 46.
Kf4 Rxa3 47. Re5+ Kd6 48. Re1 Rd3 49. Ke4 Rd5 50. Rc1 Kc5 51. Rc2 Rd6 52. Ke3
Rc6 53. Rc1 Kb4 54. Kd4 Rd6+ 55. Ke5 Rd2 56. Ke4 c3 57. Ke3 Kb3 58. Rb1+ Rb2
59. Rc1 e5 60. Kd3 Rd2+ 61. Ke3 Kb2 62. Re1 Rd4 63. Rf1 c2 64. Rf2 0-1

[Event "Hastings Masters"]
[Site "Hastings, England"]
[Date "2015.01.01"
[Round "4.32"]
[White "Gregory, Stephen J"]
[WhiteElo "2056"]
[Black "Spanton, Tim R"]
[BlackElo "2002"]
[Result "1-0"]

1. e4 e5 2. Bc4 Bc5 3. Nf3 Nc6 4. Qe2 Nf6 5. d3 d6 6. c3 a5 7. Nbd2 Be6 8. Bb5
O-O 9. Bxc6 bxc6 10. d4 exd4 11. cxd4 Bb4 12. O-O Re8 13. Qd3 Qd7 14. a3 Bxd2
15. Bxd2 d5 16. e5 Bf5 17. Qe3 Ne4 18. Rfc1 Re6 19. Nh4 Rh6 20. Nxf5 Qxf5 21.
Be1 Qh5 22. h3 Rg6 23. f4 Rb8 24. b4 a4 25. Rc2 f5 26. Rac1 Qh6 27. Qf3 Rf8 28.
b5 cxb5 29. Rxc7 Rb8 30. Kh2 Re6 31. g4 Rf8 32. g5 Qg6 33. Bb4 Rd8 34. h4 h5
35. gxh6 Qxh6 36. h5 Rg6 37. Rg1 Rxg1 38. Kxg1 Qb6 39. Rc2 Qxd4+ 40. Kh2 Qb6
41. Rg2 Rc8 42. Qh3 Qe6 43. Qh4 Kh7 44. Rg6 Rc2+ 45. Kh3 Qc8 46. Qe7 Qg8 47.
Qd7 d4 48. Qxf5 Qb3+ 49. Rg3+ Kh8 50. Rxb3 Nf2+ 51. Kh4 axb3 52. h6 gxh6 53.
Qf8+ Kh7 54. Qf7+ 1-0

[Event "Hastings Masters"]
[Site "Hastings, England"]
[Date "2015.01.01"
[Round "4.33"]
[White "Ledger, Dave J"]
[WhiteElo "2244"]
[Black "Boardman, Jeffrey"]
[BlackElo "1999"]
[Result "1-0"]

1. e4 c5 2. Nf3 Nc6 3. d4 cxd4 4. Nxd4 e5 5. Nb5 a6 6. Nd6+ Bxd6 7. Qxd6 Qf6 8.
Qd2 Qg6 9. f3 Nge7 10. c4 O-O 11. Bd3 d6 12. Nc3 f5 13. Qg5 f4 14. Qxg6 Nxg6
15. Nd5 Rb8 16. Bd2 Nh4 17. Kf2 g5 18. h3 h5 19. Rac1 b6 20. b4 a5 21. a3 Nd4
22. bxa5 Nb3 23. Bb4 Nxc1 24. Rxc1 bxa5 25. Bxd6 Rb2+ 26. Rc2 Rxc2+ 27. Bxc2
Rf7 28. Ne7+ Kh7 29. Nxc8 g4 30. hxg4 hxg4 31. fxg4 Rg7 32. Bd1 Ng6 33. c5 Rb7
34. Nb6 Kg7 35. Bb3 Kf6 36. Bd5 Rh7 37. c6 f3 38. Kxf3 Rh1 39. c7 Nf4 40. c8=Q
Rf1+ 41. Ke3 Re1+ 42. Kd2 Re2+ 43. Kd1 1-0